LIBRARY & INFORMATION CENTRE, KCAET, TAVANUR

ONLINE PUBLIC ACCESS CATALOGUE (OPAC)

Elementary physics part-2 / (Record no. 8824)

MARC details
000 -LEADER
fixed length control field 00402cam a2200157ua 4500
041 ## - LANGUAGE CODE
Language code of text/sound track or separate title eng
082 ## - DEWEY DECIMAL CLASSIFICATION NUMBER
Classification number 530
Item number YAR/EL
100 ## - MAIN ENTRY--AUTHOR NAME
Personal name Yarwood, T M .
245 ## - TITLE STATEMENT
Title Elementary physics part-2 /
250 ## - EDITION STATEMENT
Edition statement 1 /
260 ## - PUBLICATION, DISTRIBUTION, ETC. (IMPRINT)
Place of publication Melbourne,London :
Name of publisher MacMillan and Company Limited ,
Year of publication 1962.
300 ## - PHYSICAL DESCRIPTION
Number of Pages 457 ; .
942 ## - ADDED ENTRY ELEMENTS (KOHA)
Koha item type Books
Holdings
Withdrawn status Lost status Damaged status Home library Current library Date acquired Full call number Accession Number Koha item type Public note
Withdrawn     KAUAET KAUAET 07/04/2012 530 5337 Books Deleted
free website counter